00441nam a2200145Ia 4500008004100000020001900041082001500060100001700075245003900092260003200131300000800163650001500171999001700186952009200203231019s9999 xx 000 0 und d a978-1787404113 a657bLYN-F aFoulks Lynch 0aACCA Financial Accounting Exam Kit aUKbKaplan Publishingc2019 a370 aAccounting c34563d34563 00104070aSIRC-CbSIRC-Cd2023-10-19l0o657 LYN-Fp28112r2023-10-19w2023-10-19yBK